Score 0/30 Timer 02:00
0 Plays Today
Title Song or Poem? % Correct
When You Wish Upon a Star???
90.1%
Whistle While You Work???
88%
Once Upon a Dream???
87.2%
A Dream Is a Wish Your Heart Makes???
86.1%
Just Around the Riverbend???
81.9%
Victory Comes Late???
78.6%
I Went to Heaven???
78.5%
My River Runs to Thee???
78.3%
Bring Me the Sunset In a Cup???
78.2%
She Slept Beneath a Tree???
78.1%
Love Is an Open Door???
78%
Be Prepared???
77.7%
I Gave Myself to Him???
76.9%
So This Is Love???
75.6%
Reflection???
73.5%
Title Song or Poem? % Correct
I Robbed the Woods???
73%
Poor Little Heart!???
72.3%
I'm Nobody! Who Are You????
71.6%
After a Hundred Years???
71.5%
Out There???
71.2%
I See the Light???
70%
On This Wondrous Sea???
69.3%
Perhaps You'd Like to Buy a Flower???
68.1%
I'm Wishing???
67.4%
Listen With Your Heart???
65.3%
In a World of My Own???
62.6%
Within My Reach!???
61.7%
In Summer???
60.9%
The Cricket Sang???
60%
I Wonder???
54.6%

You're not logged in!

Compare scores with friends on all Sporcle quizzes.
OR
Log In

Sporcle TV

Today on Sporcle TV


Watch our educational content, quiz creation guides, and fun videos on Sporcle TV.

Show Comments

Extras

Top Quizzes Today


Score Distribution

Paid Content

Your Account Isn't Verified!

In order to create a playlist on Sporcle, you need to verify the email address you used during registration. Go to your Sporcle Settings to finish the process.

Report this User

Report this user for behavior that violates our Community Guidelines.

Details: